La cultura de acceso a la información en las instituciones públicas de Costa Rica /

Se estudia la cultura de acceso a la información en las instituciones públicas costarricenses y cómo el Estado responde a estas solicitudes. Se demuestra que Costa Rica presenta déficits en rendición de cuentas, acceso a la información y cultura digital

Enregistré dans:
Détails bibliographiques
Auteur principal: Carazo Barrantes, Carolina
Format: Texte
Sujets:
Tags: Ajouter un tag
Pas de tags, Soyez le premier à ajouter un tag!

MARC

LEADER 00000 a a2200000 04500
001 13710
003
040
100 |a Carazo Barrantes, Carolina  
245 |a La cultura de acceso a la información en las instituciones públicas de Costa Rica /  |c Carolina Carazo Barrantes 
520 |a Se estudia la cultura de acceso a la información en las instituciones públicas costarricenses y cómo el Estado responde a estas solicitudes. Se demuestra que Costa Rica presenta déficits en rendición de cuentas, acceso a la información y cultura digital  
650 |a ACCESO A LA INFORMACION  
650 |a GOBERNABILIDAD  
650 |a CULTURA CIENTIFICA  
773 |g volumen 85, número 1 -2; páginas 287-303  
999 |c 37139  |d 37139